MARC

LEADER 00000naa a2200000 a 4500
003 Arxiu
005 20260324181152.0
008 160829s1955 spcaxx s spa c
040 |a AGDB 
100 |a Romero, Luis  |9 29600  |e autor 
245 1 0 |a Parabola del porrón /  |c por Luis Romero 
490 |a San Jorge,  |v núm. 20 (octubre 1955), pàg 54-55 
650 0 |9 55624  |a Porrons 
773 |g Núm. 20 (octubre 1955), pàg 54-55  |t San Jorge. 
901 |a Arxiu 
942 |n 1  |2 udc  |c ART 
952 |0 0  |1 0  |4 0  |6 REV510  |7 1  |9 65284  |a Arxiu  |b Arxiu  |d 2023-02-14  |l 0  |o Rev-510  |r 2023-02-14 00:00:00  |w 2023-02-14  |y ARXIU  |z També disponible a Rev-524 
999 |c 83053  |d 83053